English Cities Starting With L - Statistics

General Stats
  • This quiz has been taken 108 times
  • The average score is 5 of 7
Answer Stats
city % Correct
Liverpool
92%
Leeds
88%
London
87%
Leicester
85%
Lancaster
59%
Lincoln
59%
Lichfield
26%
No matching quizzes found
Score Distribution
Percent of People with Each Score
Percentile by Number Answered
Your Score History
You have not taken this quiz